Paesi che parlano lingue Romanze - Statistics

Statistiche generali
  • Questo quiz è stato fatto 85 volte
  • Il punteggio medio è 3 su 6
Risposte nella Mappa
Le risposte nella mappa del quiz sottostante sono codificate secondo una scala di colori dal rosso al verde in base alla % di persone che hanno risposto correttamente.
 
Statistiche sulle risposte
Risposta % Corretto
italia
100%
francia
84%
san marino
56%
vaticano
33%
andorra
32%
spagna
22%
Nessun quiz corrispondente trovato
Distribuzione punteggi
Percentuale di utenti per punteggio
Percentile per numero di risposta
I tuoi punteggi nel tempo
Non hai fatto questo quiz